Werbe-Wirkung lässt sich sichern. <Der> "Kommunikations-Ceck" bietet sich an.

Komunikačná psychológia a efektívne použitie reklamných prostriedkov. Komunikačná kontrola a rast kvality reklamy. Segmentácia myslenia, správania a štýlu z hľadiska efektívneho pôsobenia reklamy. Prednosti komunikačnej kontroly, analyzuje a kvantifikuje signálnu štruktúru (motivácia, obrazové a tex...

Ausführliche Beschreibung

Gespeichert in:
Bibliographische Detailangaben
1. Verfasser: Kaltenbach, H.G
Weitere Verfasser: Spinola, R.
Format: Buchkapitel
Sprache:Deutsch
Schlagworte:
Tags: Tag hinzufügen
Keine Tags, Fügen Sie das erste Tag hinzu!

MARC

LEADER 00000naa a2200000 4500
001 r010138
005 20221208122919.5
041 0 |a ger 
044 |a DE 
245 1 0 |a Werbe-Wirkung lässt sich sichern.  |b <Der> "Kommunikations-Ceck" bietet sich an.  |c H.G. Kaltenbach, R. Spinola 
520 |a Komunikačná psychológia a efektívne použitie reklamných prostriedkov. Komunikačná kontrola a rast kvality reklamy. Segmentácia myslenia, správania a štýlu z hľadiska efektívneho pôsobenia reklamy. Prednosti komunikačnej kontroly, analyzuje a kvantifikuje signálnu štruktúru (motivácia, obrazové a textové štruktúry). Pôsobenie reklamy hodnotené na báze 40 kritérií. 
610 2 0 |a reklama 
610 2 0 |a komunikácia 
610 2 0 |a kontrola 
610 2 0 |a psychológia 
610 2 0 |a kvalita 
610 2 0 |a správanie 
100 1 |a Kaltenbach, H.G. 
700 1 |a Spinola, R.